| 000 | 01228cam a2200289 a 4500 | ||
|---|---|---|---|
| 999 |
_c329546 _d329546 |
||
| 001 | 15743280 | ||
| 003 | NUST | ||
| 005 | 20170512162409.0 | ||
| 008 | 090519s2010 fluaf b 001 0 eng | ||
| 010 | _a 2009020201 | ||
| 020 | _a9781439809143 (hard back : alk. paper) | ||
| 020 | _a1439809143 (hard back : alk. paper) | ||
| 035 | _a(OCoLC)ocn286459174 | ||
| 040 |
_aDLC _cDLC _dBTCTA _dYDXCP _dC#P _dCDX _dBWX _dDLC |
||
| 050 | 0 | 0 |
_aTA658.44 _b.S386 2010 |
| 082 | 0 | 0 |
_a624.18341 CHA _222 |
| 245 | 0 | 0 |
_aSeismic design aids for nonlinear analysis of reinforced concrete structures / _cSrinivasan Chandrasekaran ... [et al.]. |
| 260 |
_aBoca Raton : _bCRC Press, _cc2010. |
||
| 300 |
_axxii, 227 p., [16] p. of plates : _bill. (some col.) ; _c25 cm. |
||
| 504 | _aIncludes bibliographical references and index. | ||
| 650 | 0 |
_aEarthquake resistant design. _9652 |
|
| 650 | 0 |
_aReinforced concrete construction. _9653 |
|
| 650 | 0 |
_aStructural analysis (Engineering) _9654 |
|
| 650 | 0 |
_aNonlinear theories. _9655 |
|
| 700 | 1 |
_aChandrasekaran, Srinivasan. _9656 |
|
| 906 |
_a7 _bcbc _corignew _d1 _eecip _f20 _gy-gencatlg |
||
| 942 |
_2ddc _cBK |
||